| 000 | 00397nam a22001337a 4500 | ||
|---|---|---|---|
| 020 | _a9788131724842 | ||
| 082 | _a658.3 DUR | ||
| 100 | _aPravin Durai | ||
| 245 | _aHuman Resource Management | ||
| 260 |
_aNew Delhi _bPearson _c2010 |
||
| 300 |
_a668p. _bill.; |
||
| 650 |
_aPersonal Management _aPersonal Management _aPersonal Management _aManagement _aPerformance evaluation _aTrade unions |
||
| 942 | _cBK | ||
| 999 |
_c13548 _d13548 |
||